000 00387nam a2200157Ia 4500
008 230711s9999||||xx |||||||||||||| ||und||
041 _aENG
082 _a4
_bVI-D
100 _aVig,OP
245 0 _aFundamentals of database management
250 _a1st Ed.
260 _c2001
_aNew Delhi
_bISTE Learing Material
650 _aComputer Engineering
700 _aWalia.Ekta
942 _cBK
999 _c3996
_d3996